000 00591nam a2200205Ia 4500
005 20250508160320.0
008 008 250505s9999 xx 000 0 eng d
037 _aBooks to be hide in OPAC
040 _aFEDL
_beng
_cFEDL
041 _aeng
_2eng
084 _a001.4, SHU
_qFEDL
100 _aSukhia S P Ed.
_9768292
245 0 _aEducational thought and research
260 _as.l.
_bWomen's Training College
_c1972
300 _a175p.
650 _aResearch
700 _a Naidu P S Ed. Sherry G P Ed.
_9768293
942 _cHB
_h001.4, SHU
999 _c1363591
_d1363591